| 000 | 00964nas a2200265 4500 | ||
|---|---|---|---|
| 001 | BR8600794 | ||
| 003 | BR-BrBNA | ||
| 005 | 20231205090345.0 | ||
| 007 | ta | ||
| 008 | 230509b bl.|||p| |||| 00| 00por d | ||
| 040 |
_aBR-BrBNA _bpor _cBiblioteca Nacional de Agricultura |
||
| 041 | _a(Pt) | ||
| 072 | _aF01 | ||
| 100 | 1 | _aAppezzato, B. | |
| 100 | 1 | _aCastro, P.R.C. | |
| 245 | 1 | _aDesenvolvimento e produtividade do tomateiro cultivar Santa Cruz sob acao de retardadores de crescimento aplicados em plantulas | |
| 246 | 1 | _aGrowth and production of tomato plant cultivar Santa Cruz under action of growth retardants applied in seedlings | |
| 650 | _aTOMATE | ||
| 650 | _aINIBIDOR DE CRESCIMENTO | ||
| 650 | _aPLANTULA | ||
| 650 | _aCRESCIMENTO | ||
| 773 | 0 |
_tAnais da Escola Superior de Agricultura Luiz de Queiroz (Brazil) _xISSN 0071-1276 _g(1983), v. 40(1) p. 447-472 _wBR8600794 |
|
| 909 |
_a202311 _bLúcia _c55 _dLúcia Elande |
||
| 942 |
_2AGRIS _n0 _cANA |
||
| 999 |
_c117838 _d117838 |
||